<?xml version="1.0" encoding="UTF-8"?>
<collection xmlns="http://www.loc.gov/MARC21/slim">
  <record>
    <leader>00000nam  2200000   4500</leader>
    <controlfield tag="001">INLIS000000000018219</controlfield>
    <controlfield tag="005">20240910032839</controlfield>
    <datafield tag="035" ind1="#" ind2="#">
      <subfield code="a">0010-0924000048</subfield>
    </datafield>
    <controlfield tag="007">ta</controlfield>
    <controlfield tag="008">240910################|##########|#|##</controlfield>
    <datafield tag="084" ind1="#" ind2="#">
      <subfield code="a">R 065 PIM I 2023</subfield>
    </datafield>
    <datafield tag="100" ind1=" " ind2="#">
      <subfield code="a">Rustam Efendi</subfield>
    </datafield>
    <datafield tag="245" ind1="1" ind2="#">
      <subfield code="a">Strategi Kolaborasi Badan Otorita Borobudur Dalam Meningkatkan Investasi Di Kawasan Pariwisata /</subfield>
      <subfield code="c">Rustam Efendi</subfield>
    </datafield>
    <datafield tag="260" ind1="#" ind2="#">
      <subfield code="a">Jakarta :</subfield>
      <subfield code="b">Pusbangkom Pimnas dan Manajerial ASN,</subfield>
      <subfield code="c">2023</subfield>
    </datafield>
    <datafield tag="300" ind1="#" ind2="#">
      <subfield code="a">58 halaman ;</subfield>
      <subfield code="c">30 cm</subfield>
    </datafield>
    <datafield tag="650" ind1="#" ind2="4">
      <subfield code="a">Strategi Kolaborasi</subfield>
    </datafield>
    <datafield tag="650" ind1="#" ind2="4">
      <subfield code="a">Investasi</subfield>
    </datafield>
    <datafield tag="520" ind1="#" ind2="#">
      <subfield code="a">Untuk mempercepat pengembangan dan pembangunan Kawasan Pariwisata Borobudur, pemerintah telah menertibkan Peraturan Presiden Nomor 46 Tahun 2017 tentang Badan Otorita Pengelola Kawasan Pariwisata Borobudur yang selanjutnya disebut Badan Otorita Borobudur memiliki tugas dan fungsi otorita dan koordinatif. Salah satu indikator keberhasilan pengembangan pariwisata di suatu kawasan adalah tingginya minat investasi, khususnya pada sektor pariwisata. Saat ini, kontibusi realisasi Gelangprojo (Magelang, Kulon Progo, dan Purworejo) dinilai masih kecil, hal ini berarti bahwa keberadaan DPSP Borobudur belum mampu mendongkrak realisasi investasi di Kawasan Pariwisata Borobudur.</subfield>
    </datafield>
    <datafield tag="856" ind1="#" ind2="#">
      <subfield code="a">Perpustakaan LAN Pusat</subfield>
    </datafield>
    <datafield tag="990" ind1="#" ind2="#">
      <subfield code="a">24.09.065</subfield>
    </datafield>
  </record>
</collection>
